Stephen Hawking (Record no. 18225)

MARC details
000 -LEADER
fixed length control field 00611nam a2200205Ia 4500
003 - CONTROL NUMBER IDENTIFIER
control field IN-BaIIA
008 - FIXED-LENGTH DATA ELEMENTS--GENERAL INFORMATION
fixed length control field 211028s9999 xx 000 0 eng d
020 ## - INTERNATIONAL STANDARD BOOK NUMBER
International Standard Book Number 978-0-230-34060-2
040 ## - CATALOGING SOURCE
Transcribing agency IIA Library
080 ## - UNIVERSAL DECIMAL CLASSIFICATION NUMBER
Universal Decimal Classification number [8]:01:00
Item number FER
100 ## - MAIN ENTRY--PERSONAL NAME
Personal name Ferguson, Kitty
9 (RLIN) 21648
245 #0 - TITLE STATEMENT
Title Stephen Hawking
Remainder of title an unfettered mind
Statement of responsibility, etc. Kitty Ferguson
260 ## - PUBLICATION, DISTRIBUTION, ETC.
Place of publication, distribution, etc. New York
Name of publisher, distributor, etc. Palgrave Macmillan
Date of publication, distribution, etc. 2012
300 ## - PHYSICAL DESCRIPTION
Extent ix, 310p.
650 ## - SUBJECT ADDED ENTRY--TOPICAL TERM
Topical term or geographic name entry element Biogrpahy-Stephen Hawking
9 (RLIN) 34881
650 ## - SUBJECT ADDED ENTRY--TOPICAL TERM
Topical term or geographic name entry element Cosmologist-Biography
9 (RLIN) 34882
650 ## - SUBJECT ADDED ENTRY--TOPICAL TERM
Topical term or geographic name entry element Physicist-Biography
9 (RLIN) 29127
650 ## - SUBJECT ADDED ENTRY--TOPICAL TERM
Topical term or geographic name entry element Stephen Hawking-Biography
9 (RLIN) 34883
942 ## - ADDED ENTRY ELEMENTS (KOHA)
Koha item type Books
Holdings
Withdrawn status Lost status Damaged status Not for loan Home library Current library Shelving location Date acquired Source of acquisition Cost, normal purchase price Total Checkouts Full call number Barcode Date last seen Cost, replacement price Price effective from Koha item type Purchase Price
        IIA Library-Bangalore IIA Library-Bangalore General Stacks 23/02/2012 BBI 1322.00   92:52/ FER 19147 05/11/2021 1322.00 23/02/2012 Books Rs. 1322.00

Powered by Koha